[Event "SR 2. liga A 2009/2010"]
[Site "?"]
[Date "2010.02.27"]
[Round "10.7"]
[White "Cajka, Tibor"]
[Black "Beles, Milan"]
[Result "0-1"]
[WhiteElo "1932"]
[BlackElo "2074"]
[PlyCount "102"]
[EventDate "2009.??.??"]
[WhiteTeam "Slovakia"]
[BlackTeam "II"]
[WhiteTeamCountry "SVK"]
[BlackTeamCountry "SVK"]

1. e4 c5 2. Nf3 d6 3. d4 cxd4 4. Nxd4 Nf6 5. Nc3 e5 6. Bb5+ Bd7 7. Bxd7+ Qxd7
8. Nf5 Nxe4 9. Nxe4 Qxf5 10. Nxd6+ Bxd6 11. Qxd6 Nc6 12. O-O Rd8 13. Qc5 Qd7
14. Be3 b6 15. Qc4 O-O 16. Bg5 Qd5 17. Qg4 f6 18. Bh6 Qd7 19. Qc4+ Qd5 20. Qg4
Qd7 21. Qc4+ Rf7 22. Be3 Qd5 23. Qxd5 Rxd5 24. Rfd1 Rfd7 25. Rxd5 Rxd5 26. Kf1
Kf7 27. Ke2 f5 28. Rd1 Rxd1 29. Kxd1 f4 30. Bd2 Ke6 31. c4 Kf5 32. Kc2 f3 33.
g3 Ke4 34. b4 Kd4 35. b5 Na5 36. Bc3+ Kxc4 37. Bxe5 g6 38. a4 Kb4 39. Bb8 Kxa4
40. Bxa7 Kxb5 41. Bb8 Nc6 42. Bd6 Kc4 43. Kd2 Kd4 44. Ba3 b5 45. Bb2+ Ke4 46.
Bf6 b4 47. h4 h5 48. Kc2 Ne5 49. Bd8 Ng4 50. Bb6 b3+ 51. Kxb3 Kd3 0-1

[Event "SR 2. liga A 2009/2010"]
[Site "?"]
[Date "2010.02.27"]
[Round "10.7"]
[White "Hecht, Tomas"]
[Black "Takacs, Laszlo"]
[Result "0-1"]
[WhiteElo "1991"]
[BlackElo "1838"]
[PlyCount "80"]
[EventDate "2009.??.??"]
[WhiteTeam "Slovakia"]
[BlackTeam "II"]
[WhiteTeamCountry "SVK"]
[BlackTeamCountry "SVK"]

1. e4 c5 2. c3 e6 3. d4 cxd4 4. cxd4 Nf6 5. Nc3 Bb4 6. Bd3 Nc6 7. a3 Ba5 8. Nf3
d5 9. e5 Ne4 10. Qc2 f5 11. exf6 Nxf6 12. Bg5 Bb6 13. Ne2 Qc7 14. O-O Bd7 15.
Rac1 Qd6 16. Bxf6 gxf6 17. Bxh7 O-O-O 18. b4 Kb8 19. b5 Ne7 20. a4 f5 21. Ng5
Rxh7 22. Nxh7 Rh8 23. g3 Rxh7 24. Qd2 Bc7 25. Rb1 b6 26. f4 Ng8 27. Nc1 Nf6 28.
Nd3 Qf8 29. Rfc1 Ng4 30. h4 Nf6 31. Nb4 Bd6 32. Nc6+ Bxc6 33. bxc6 Ne4 34. Qe1
Rg7 35. c7+ Bxc7 36. Rxc7 Rxc7 37. a5 Rb7 38. Kh2 Qa3 39. axb6 Rxb6 40. Rxb6+
axb6 0-1

[Event "SR 2. liga A 2009/2010"]
[Site "?"]
[Date "2010.02.27"]
[Round "10.7"]
[White "Jelenciak, Jozef"]
[Black "Mihalik, Anton"]
[Result "1/2-1/2"]
[WhiteElo "2013"]
[BlackElo "1961"]
[PlyCount "92"]
[EventDate "2009.??.??"]
[WhiteTeam "Slovakia"]
[BlackTeam "II"]
[WhiteTeamCountry "SVK"]
[BlackTeamCountry "SVK"]

1. e4 c5 2. Nc3 Nc6 3. Bc4 e6 4. d3 a6 5. f4 b5 6. Bb3 Nd4 7. Nf3 Nxb3 8. axb3
Bb7 9. O-O Nf6 10. Qe1 Be7 11. h3 O-O 12. g4 d6 13. Ne2 Nd7 14. f5 exf5 15.
gxf5 Ne5 16. Nf4 Nxf3+ 17. Rxf3 Bf6 18. Qg3 Be5 19. Qg4 Kh8 20. Nh5 Rg8 21. Bg5
f6 22. Bf4 g6 23. Bxe5 gxh5 24. Qxg8+ Kxg8 25. Bf4 Qf8 26. Rg3+ Kf7 27. Kf2 d5
28. e5 fxe5 29. Bxe5 Ke8 30. f6 Kd7 31. Rg7+ Kc6 32. d4 cxd4 33. Bxd4 Qd6 34.
c3 Qf4+ 35. Kg1 Rf8 36. Rf1 Qd6 37. b4 Qe6 38. f7 Qxh3 39. Rg8 Bc8 40. Rf6+ Kb7
41. Rxf8 Qg3+ 42. Kf1 Qd3+ 43. Ke1 Qb1+ 44. Kf2 Qc2+ 45. Kg3 h4+ 46. Kxh4 Qh2+
1/2-1/2

[Event "SR 2. liga A 2009/2010"]
[Site "?"]
[Date "2010.02.27"]
[Round "10.7"]
[White "Kozinka, Jan"]
[Black "Majtan, Martin"]
[Result "1-0"]
[WhiteElo "1818"]
[BlackElo "1546"]
[PlyCount "107"]
[EventDate "2009.??.??"]
[WhiteTeam "Slovakia"]
[BlackTeam "II"]
[WhiteTeamCountry "SVK"]
[BlackTeamCountry "SVK"]

1. d4 d5 2. Nf3 Nf6 3. Nc3 Nc6 4. Bg5 Ne4 5. Bh4 Bf5 6. a3 Bg4 7. e3 g5 8. Bg3
h5 9. h3 Bxf3 10. Qxf3 g4 11. Qd1 Nxg3 12. fxg3 Qd6 13. Qe2 Qxg3+ 14. Qf2 Qxf2+
15. Kxf2 gxh3 16. Rxh3 e6 17. Bb5 Kd7 18. Rah1 a6 19. Bxc6+ Kxc6 20. Rxh5 Bg7
21. Kf3 f5 22. Kf4 Rxh5 23. Rxh5 Rh8 24. Rxh8 Bxh8 25. Kg5 Kd7 26. Ne2 b6 27.
Kg6 Ke7 28. g3 Bf6 29. b3 c5 30. c4 dxc4 31. bxc4 Bh8 32. a4 cxd4 33. exd4 a5
34. c5 bxc5 35. dxc5 Kd7 36. Kf7 Kc6 37. Kxe6 Kxc5 38. Nc1 Kb4 39. Kxf5 Kxa4
40. Ke4 Bb2 41. Nd3 Ba3 42. g4 Kb3 43. g5 Bb4 44. Nxb4 axb4 45. g6 Kc2 46. g7
b3 47. g8=Q b2 48. Qc4+ Kd1 49. Qb3+ Kc1 50. Qc3+ Kb1 51. Kd3 Ka2 52. Qa5+ Kb3
53. Qe1 Ka2 54. Kc2 1-0

[Event "SR 2. liga A 2009/2010"]
[Site "?"]
[Date "2010.02.27"]
[Round "10.7"]
[White "Ochrana, Ladislav"]
[Black "Krist, Milan"]
[Result "1/2-1/2"]
[WhiteElo "2074"]
[BlackElo "2013"]
[PlyCount "32"]
[EventDate "2009.??.??"]
[WhiteTeam "Slovakia"]
[BlackTeam "II"]
[WhiteTeamCountry "SVK"]
[BlackTeamCountry "SVK"]

1. d4 d5 2. Nf3 Nf6 3. c4 e6 4. Bf4 Bb4+ 5. Nbd2 dxc4 6. e3 c3 7. Qa4+ Nc6 8.
bxc3 Bxc3 9. Rc1 Bxd2+ 10. Nxd2 O-O 11. Bd3 Re8 12. Be4 Nd5 13. Bg3 f5 14. Bf3
f4 15. exf4 Nb6 16. Qc2 Nxd4 1/2-1/2

[Event "SR 2. liga A 2009/2010"]
[Site "?"]
[Date "2010.02.27"]
[Round "10.7"]
[White "Padysak, Tomas"]
[Black "Soldan, Jan"]
[Result "1-0"]
[WhiteElo "2022"]
[BlackElo "1909"]
[PlyCount "69"]
[EventDate "2009.??.??"]
[WhiteTeam "Slovakia"]
[BlackTeam "II"]
[WhiteTeamCountry "SVK"]
[BlackTeamCountry "SVK"]

1. e4 c5 2. Nf3 d6 3. d4 cxd4 4. Nxd4 Nf6 5. Nc3 a6 6. Be2 e6 7. O-O Be7 8. Be3
O-O 9. f4 Qc7 10. Bf3 Nc6 11. a4 Nxd4 12. Bxd4 e5 13. Be3 exf4 14. Bxf4 Be6 15.
Kh1 Rac8 16. Qe1 Rfe8 17. Qg3 Nd7 18. Bg4 Bf6 19. Bxd6 Qc4 20. Be2 Qc6 21. e5
Bxe5 22. Bxe5 Nxe5 23. Qxe5 Bc4 24. Qf4 Bxe2 25. Qxf7+ Kh8 26. Nxe2 Qd6 27.
Rad1 Qe5 28. Nc3 h6 29. Qf5 Qe3 30. Qf2 Qg5 31. Qg3 Qh5 32. Rd7 Qe5 33. Qxe5
Rxe5 34. Rxb7 Rec5 35. h3 1-0

[Event "SR 2. liga A 2009/2010"]
[Site "?"]
[Date "2010.02.27"]
[Round "10.8"]
[White "Feher, Tibor"]
[Black "Kuna, Vladimir"]
[Result "0-1"]
[WhiteElo "1782"]
[BlackElo "2063"]
[PlyCount "66"]
[EventDate "2009.??.??"]
[WhiteTeam "Slovakia"]
[BlackTeam "II"]
[WhiteTeamCountry "SVK"]
[BlackTeamCountry "SVK"]

1. e4 c5 2. Nf3 d6 3. d4 cxd4 4. Nxd4 Nf6 5. Nc3 a6 6. Be2 e6 7. O-O Qc7 8. Be3
Nbd7 9. Qd2 b5 10. a3 Bb7 11. f3 Nb6 12. Ndxb5 axb5 13. Nxb5 Qd8 14. Rfd1 d5
15. e5 Nfd7 16. Bg5 Qc8 17. Nd6+ Bxd6 18. exd6 Qc5+ 19. Be3 Qxd6 20. c4 Qc7 21.
c5 Nc4 22. Bxc4 dxc4 23. Kh1 Bd5 24. Qe1 O-O 25. Bd4 Nxc5 26. Be5 Qc6 27. Bxg7
Kxg7 28. Qg3+ Kh8 29. Rd4 f6 30. Rh4 Ra7 31. Qf4 Rg7 32. Qh6 Bxf3 33. Rg1 Bxg2+
0-1

[Event "SR 2. liga A 2009/2010"]
[Site "?"]
[Date "2010.02.27"]
[Round "10.8"]
[White "Halas, Miroslav"]
[Black "Jurcak, Marian"]
[Result "0-1"]
[WhiteElo "1939"]
[BlackElo "1918"]
[PlyCount "56"]
[EventDate "2009.??.??"]
[WhiteTeam "Slovakia"]
[BlackTeam "II"]
[WhiteTeamCountry "SVK"]
[BlackTeamCountry "SVK"]

1. e4 e5 2. Bc4 Nf6 3. Nf3 Bc5 4. O-O O-O 5. Nxe5 d6 6. Nf3 Nxe4 7. d3 Nf6 8.
Bg5 a5 9. Nc3 c6 10. d4 Ba7 11. a4 d5 12. Be2 Bf5 13. Nh4 Bg6 14. Nxg6 fxg6 15.
Qd3 Qd6 16. Bf3 Nbd7 17. Ne2 Rae8 18. Rfe1 Ne4 19. Bf4 Qf6 20. Bc7 g5 21. Ng3
Nxf2 22. Qb3 Bxd4 23. Bxd5+ Kh8 24. Rxe8 Nd1+ 25. Kh1 Nf2+ 26. Kg1 Rxe8 27. Qf3
cxd5 28. Qxd5 Nd1+ 0-1

[Event "SR 2. liga A 2009/2010"]
[Site "?"]
[Date "2010.02.27"]
[Round "10.8"]
[White "Horvath, Marek"]
[Black "Grich, Juraj"]
[Result "0-1"]
[WhiteElo "1802"]
[BlackElo "1989"]
[PlyCount "86"]
[EventDate "2009.??.??"]
[WhiteTeam "Slovakia"]
[BlackTeam "II"]
[WhiteTeamCountry "SVK"]
[BlackTeamCountry "SVK"]

1. Nf3 Nc6 2. g3 e5 3. e4 f5 4. d3 Bc5 5. Bg2 d6 6. exf5 Bxf5 7. Nh4 Be6 8. O-O
Nf6 9. Be3 Bb6 10. Bxb6 axb6 11. a3 Qd7 12. Nd2 Bh3 13. Qe1 Bxg2 14. Nxg2 O-O
15. Ne4 Nd4 16. Qd1 Nxe4 17. f4 Nf6 18. c3 Nc6 19. fxe5 dxe5 20. Qc2 Nd5 21.
Rfe1 Rf7 22. Re2 Raf8 23. Rae1 Nf6 24. Ne3 Qh3 25. Qb3 Na5 26. Qa2 Nc6 27. Rf2
Qd7 28. Rd1 Ng4 29. Nxg4 Qxg4 30. Rdf1 Qd7 31. b4 Nd8 32. Qc4 Qc6 33. Qb3 Qe6
34. Rxf7 Rxf7 35. Qc2 Rxf1+ 36. Kxf1 Nf7 37. a4 Nd6 38. Qe2 Qf5+ 39. Kg1 e4 40.
dxe4 Qxe4 41. Qd2 Qf3 42. Qd4 h6 43. c4 Qe4 0-1

[Event "SR 2. liga A 2009/2010"]
[Site "?"]
[Date "2010.02.27"]
[Round "10.8"]
[White "Manak, Adrian"]
[Black "Goga, Frantisek"]
[Result "1-0"]
[WhiteElo "1815"]
[BlackElo "1984"]
[PlyCount "65"]
[EventDate "2009.??.??"]
[WhiteTeam "Slovakia"]
[BlackTeam "II"]
[WhiteTeamCountry "SVK"]
[BlackTeamCountry "SVK"]

1. e4 c5 2. Nf3 d6 3. d4 cxd4 4. Nxd4 Nf6 5. Nc3 a6 6. Be3 e5 7. Nf3 h6 8. Bc4
Be7 9. h3 b5 10. Bd5 b4 11. Ne2 Nxd5 12. Qxd5 Qc7 13. Qxa8 Nc6 14. Bb6 Qd7 15.
O-O-O O-O 16. Nxe5 Nxe5 17. Qd5 Qa4 18. Qa5 Qc6 19. Qxb4 Be6 20. Be3 Rc8 21.
Nc3 Bxa2 22. b3 a5 23. Qxa5 Bxb3 24. cxb3 Ra8 25. Qb4 d5 26. exd5 Qa6 27. Qxe7
Ng6 28. Qb4 Rc8 29. Kb2 Qf6 30. d6 Ne5 31. Bd4 Qf4 32. Nd5 Qg5 33. Ne7+ 1-0

[Event "SR 2. liga A 2009/2010"]
[Site "?"]
[Date "2010.02.27"]
[Round "10.8"]
[White "Niznansky, Lukas"]
[Black "Gajarsky, Julius"]
[Result "0-1"]
[WhiteElo "1523"]
[BlackElo "1802"]
[PlyCount "52"]
[EventDate "2009.??.??"]
[WhiteTeam "Slovakia"]
[BlackTeam "II"]
[WhiteTeamCountry "SVK"]
[BlackTeamCountry "SVK"]

1. e4 c5 2. Nf3 d6 3. Bc4 e6 4. O-O Nc6 5. Nc3 a6 6. a3 b5 7. Ba2 Bb7 8. d3 Be7
9. Be3 Nf6 10. Re1 O-O 11. Qd2 Ng4 12. Bg5 Nge5 13. Bxe7 Nxf3+ 14. gxf3 Qxe7
15. Ne2 Qf6 16. c3 Qxf3 17. Ng3 Ne5 18. Rad1 Qg4 19. Qe3 Nf3+ 20. Kh1 Nxe1 21.
Rxe1 Rac8 22. Rg1 Qh4 23. Bb3 c4 24. dxc4 bxc4 25. Bd1 f5 26. Bf3 f4 0-1

[Event "SR 2. liga A 2009/2010"]
[Site "?"]
[Date "2010.02.27"]
[Round "10.8"]
[White "Zacik, Anton"]
[Black "Pericka, Tomas"]
[Result "1/2-1/2"]
[WhiteElo "2018"]
[BlackElo "1910"]
[PlyCount "56"]
[EventDate "2009.??.??"]
[WhiteTeam "Slovakia"]
[BlackTeam "II"]
[WhiteTeamCountry "SVK"]
[BlackTeamCountry "SVK"]

1. e4 c5 2. Nf3 Nc6 3. d4 cxd4 4. Nxd4 g6 5. c4 Bg7 6. Be3 Nf6 7. Nc3 Ng4 8.
Qxg4 Nxd4 9. Qd1 e5 10. Bd3 O-O 11. O-O d6 12. Qd2 Be6 13. Nb5 Nxb5 14. cxb5 d5
15. exd5 Qxd5 16. Be2 Qxd2 17. Bxd2 Rfd8 18. Bg5 f6 19. Be3 f5 20. b3 f4 21.
Bc5 b6 22. Bb4 Rac8 23. Rac1 e4 24. Rc6 Bd5 25. Bc4 Bxc4 26. Rxc4 Rxc4 27. bxc4
Bd4 28. Re1 e3 1/2-1/2

[Event "SR 2. liga A 2009/2010"]
[Site "?"]
[Date "2010.02.28"]
[Round "11.1"]
[White "Doucha, Ludvik"]
[Black "Polacik, Igor"]
[Result "1/2-1/2"]
[WhiteElo "2095"]
[BlackElo "2186"]
[PlyCount "51"]
[EventDate "2009.??.??"]
[WhiteTeam "Slovakia"]
[BlackTeam "II"]
[WhiteTeamCountry "SVK"]
[BlackTeamCountry "SVK"]

1. e4 c5 2. c4 Nc6 3. Ne2 Nf6 4. Nbc3 e6 5. Nf4 Be7 6. g3 O-O 7. Bg2 a6 8. a4
d6 9. h3 Nd7 10. d3 Nde5 11. Ra3 Rb8 12. O-O Nd4 13. Nfe2 Nec6 14. Nxd4 Nxd4
15. Ne2 Bf6 16. f4 b5 17. axb5 axb5 18. b3 Bb7 19. Be3 b4 20. Ra2 Ra8 21. Rxa8
Nxe2+ 22. Qxe2 Qxa8 23. e5 Bxg2 24. Qxg2 Be7 25. exd6 Bxd6 26. d4 1/2-1/2

[Event "SR 2. liga A 2009/2010"]
[Site "?"]
[Date "2010.02.28"]
[Round "11.1"]
[White "Kundrik, Peter"]
[Black "Duben, Igor"]
[Result "1/2-1/2"]
[WhiteElo "2229"]
[BlackElo "2222"]
[PlyCount "71"]
[EventDate "2009.??.??"]
[WhiteTeam "Slovakia"]
[BlackTeam "II"]
[WhiteTeamCountry "SVK"]
[BlackTeamCountry "SVK"]

1. e4 e6 2. d4 d5 3. Nd2 c5 4. Ngf3 Nf6 5. e5 Nfd7 6. c3 Nc6 7. Bd3 Qb6 8. O-O
cxd4 9. cxd4 Nxd4 10. Nxd4 Qxd4 11. Nf3 Qb6 12. Qa4 Qb4 13. Qc2 h6 14. Bd2 Qb6
15. Rac1 Be7 16. Qa4 O-O 17. Rxc8 Rfxc8 18. Qxd7 Rc7 19. Qa4 Qxb2 20. Qg4 Kh8
21. Qh5 Bf8 22. Bb1 Qa3 23. Be3 Qe7 24. Nd4 a6 25. g4 Re8 26. Qh3 Rc3 27. Kh1
Kg8 28. Rg1 f6 29. Qh5 fxe5 30. Ne2 Rc7 31. g5 e4 32. gxh6 Qf7 33. Qe5 Qf3+ 34.
Rg2 Qxe2 35. Qxc7 Qd1+ 36. Rg1 1/2-1/2

[Event "SR 2. liga A 2009/2010"]
[Site "?"]
[Date "2010.02.28"]
[Round "11.1"]
[White "Machalova, Veronika"]
[Black "Kleman, Miroslav"]
[Result "1/2-1/2"]
[WhiteElo "2187"]
[BlackElo "2222"]
[PlyCount "24"]
[EventDate "2009.??.??"]
[WhiteTeam "Slovakia"]
[BlackTeam "II"]
[WhiteTeamCountry "SVK"]
[BlackTeamCountry "SVK"]

1. e4 d6 2. d4 e5 3. dxe5 dxe5 4. Qxd8+ Kxd8 5. Bc4 Be6 6. Bxe6 fxe6 7. f3 Nf6
8. Be3 Bd6 9. Nc3 a6 10. O-O-O Nc6 11. Nge2 Ke7 12. Rhe1 Rad8 1/2-1/2

[Event "SR 2. liga A 2009/2010"]
[Site "?"]
[Date "2010.02.28"]
[Round "11.1"]
[White "Petenyi, Tamas"]
[Black "Hrivnak, Martin"]
[Result "1/2-1/2"]
[WhiteElo "2261"]
[BlackElo "2208"]
[PlyCount "122"]
[EventDate "2009.??.??"]
[WhiteTeam "Slovakia"]
[BlackTeam "II"]
[WhiteTeamCountry "SVK"]
[BlackTeamCountry "SVK"]

1. e4 g6 2. d4 Bg7 3. Nc3 d6 4. Be3 c6 5. Qd2 b5 6. Bd3 a6 7. f4 Nf6 8. h3 Nbd7
9. e5 Nd5 10. Nxd5 cxd5 11. Nf3 Nb6 12. b3 Bf5 13. O-O Be4 14. Bxe4 dxe4 15.
Ng5 d5 16. e6 f5 17. Nf7 Qc8 18. Nxh8 Bxh8 19. Qa5 Qxe6 20. Rfc1 Qc6 21. a4
bxa4 22. c4 axb3 23. cxd5 Qb5 24. Qxb5+ axb5 25. Rxa8+ Nxa8 26. Rb1 Nc7 27.
Rxb3 Kd7 28. Kf2 Kd6 29. Rc3 Nxd5 30. Rc8 Bf6 31. g3 Nc7 32. Rb8 Kc6 33. g4
Bh4+ 34. Ke2 Nd5 35. Rc8+ Kd6 36. gxf5 gxf5 37. Rb8 b4 38. Bd2 Kc7 39. Rb5 Kc6
40. Rc5+ Kd6 41. Rb5 Bg3 42. Bxb4+ Nxb4 43. Rxb4 Bxf4 44. Rb6+ Kd5 45. Rb5+ Ke6
46. Ra5 Kf6 47. Rb5 Bh2 48. Kf2 Kg5 49. Rb7 Bd6 50. Ke3 h5 51. Ra7 Bh2 52. Kf2
Bd6 53. Ke3 Bf4+ 54. Kf2 Kf6 55. Ra6+ Kf7 56. Rb6 Bc1 57. Rb1 Bg5 58. Rb5 e6
59. Ra5 Bf4 60. Ra7+ Kf6 61. Rh7 Kg6 1/2-1/2

[Event "SR 2. liga A 2009/2010"]
[Site "?"]
[Date "2010.02.28"]
[Round "11.1"]
[White "Skreno, Vladimir"]
[Black "Likavsky, Tomas"]
[Result "0-1"]
[WhiteElo "2175"]
[BlackElo "2478"]
[PlyCount "50"]
[EventDate "2009.??.??"]
[WhiteTeam "Slovakia"]
[BlackTeam "II"]
[WhiteTeamCountry "SVK"]
[BlackTeamCountry "SVK"]

1. d4 Nf6 2. Nf3 e6 3. c4 d5 4. Nc3 Nbd7 5. Bg5 c6 6. cxd5 exd5 7. e3 Qa5 8.
Bxf6 Nxf6 9. Nd2 Bd6 10. Rc1 O-O 11. Be2 Bf5 12. a3 Rfe8 13. O-O Rad8 14. Re1
a6 15. Na4 Qc7 16. g3 g6 17. b4 h5 18. Nf1 Bh3 19. Nc5 h4 20. Bf3 hxg3 21. hxg3
Kg7 22. Rc2 Rh8 23. e4 Bxc5 24. Rxc5 dxe4 25. Bxe4 Bxf1 0-1

[Event "SR 2. liga A 2009/2010"]
[Site "?"]
[Date "2010.02.28"]
[Round "11.1"]
[White "Tibensky, Robert"]
[Black "Kozinka, Roman"]
[Result "1-0"]
[WhiteElo "2401"]
[BlackElo "2044"]
[PlyCount "78"]
[EventDate "2009.??.??"]
[WhiteTeam "Slovakia"]
[BlackTeam "II"]
[WhiteTeamCountry "SVK"]
[BlackTeamCountry "SVK"]

1. d4 Nf6 2. c4 e6 3. Nf3 c5 4. e3 b6 5. Nc3 Bb7 6. Bd3 d6 7. d5 exd5 8. cxd5
a6 9. e4 Nbd7 10. a4 Qc7 11. O-O g6 12. Bf4 Nh5 13. Bg5 Bg7 14. Qd2 O-O 15. Bh6
Rfe8 16. Bxg7 Kxg7 17. Rac1 Nhf6 18. Rfe1 Ng4 19. Bf1 f6 20. Qd1 Nge5 21. Nd2
g5 22. Re3 Ng6 23. g3 Nde5 24. Bh3 Bc8 25. Bxc8 Qxc8 26. f3 c4 27. Kg2 Qc5 28.
Re2 Nd3 29. Rb1 b5 30. Nf1 b4 31. Na2 f5 32. Ne3 fxe4 33. Nf5+ Kf6 34. fxe4 g4
35. Qf1 Kg5 36. Ng7 Ngf4+ 37. gxf4+ Nxf4+ 38. Kh1 Re5 39. Rf2 Rf8 1-0

[Event "SR 2. liga A 2009/2010"]
[Site "?"]
[Date "2010.02.28"]
[Round "11.2"]
[White "Bezuch, Martin"]
[Black "Matulik, Daniel"]
[Result "1-0"]
[WhiteElo "2203"]
[BlackElo "2154"]
[PlyCount "57"]
[EventDate "2009.??.??"]
[WhiteTeam "Slovakia"]
[BlackTeam "II"]
[WhiteTeamCountry "SVK"]
[BlackTeamCountry "SVK"]

1. e4 Nf6 2. e5 Nd5 3. d4 d6 4. Nf3 g6 5. Bc4 Nb6 6. Bb3 a5 7. a4 Bg7 8. Qe2
O-O 9. O-O d5 10. h3 Nc6 11. Rd1 Bf5 12. Nbd2 Qd7 13. Nf1 h6 14. Ng3 Be6 15. c3
Rfb8 16. Bc2 Nd8 17. Nh4 Qe8 18. f4 Bd7 19. f5 g5 20. f6 exf6 21. Qd3 f5 22.
Nhxf5 Bxf5 23. Nxf5 Qe6 24. Nxg7 Kxg7 25. Qh7+ Kf8 26. Bf5 Qc6 27. b3 Ne6 28.
Ba3+ Ke8 29. Qg8+ 1-0

[Event "SR 2. liga A 2009/2010"]
[Site "?"]
[Date "2010.02.28"]
[Round "11.2"]
[White "Kralovic, Andrej"]
[Black "Csiba, Peter"]
[Result "1-0"]
[WhiteElo "2156"]
[BlackElo "2104"]
[PlyCount "63"]
[EventDate "2009.??.??"]
[WhiteTeam "Slovakia"]
[BlackTeam "II"]
[WhiteTeamCountry "SVK"]
[BlackTeamCountry "SVK"]

1. e4 e5 2. Nf3 Nc6 3. Bb5 a6 4. Bxc6 dxc6 5. O-O Bg4 6. h3 Bxf3 7. Qxf3 Bd6 8.
Nc3 Ne7 9. d3 Qd7 10. Be3 c5 11. Ne2 O-O 12. Ng3 Qb5 13. Nh5 f5 14. exf5 Nxf5
15. b3 Qb4 16. Ng3 Nd4 17. Qd5+ Kh8 18. Rac1 Nb5 19. Qxb7 Nc3 20. Qxb4 cxb4 21.
Bd2 Bc5 22. Bxc3 bxc3 23. Ne2 Bb4 24. Ra1 Rf7 25. Ng3 Ba3 26. Rae1 Re8 27. Re4
Bc5 28. Rc4 Bd4 29. Ne2 c5 30. Nxc3 Ref8 31. Ne4 h5 32. Ra4 1-0

[Event "SR 2. liga A 2009/2010"]
[Site "?"]
[Date "2010.02.28"]
[Round "11.2"]
[White "Liptak, Tomas"]
[Black "Klemanic, Emil"]
[Result "0-1"]
[WhiteElo "2036"]
[BlackElo "2258"]
[PlyCount "96"]
[EventDate "2009.??.??"]
[WhiteTeam "Slovakia"]
[BlackTeam "II"]
[WhiteTeamCountry "SVK"]
[BlackTeamCountry "SVK"]

1. e4 d6 2. d4 Nf6 3. Nc3 e5 4. dxe5 dxe5 5. Qxd8+ Kxd8 6. Bc4 Ke8 7. Nf3 Bd6
8. h3 Nbd7 9. O-O a6 10. a4 h6 11. Re1 g5 12. Nh2 Nf8 13. Nf1 Be6 14. Nd5 Nxd5
15. exd5 Bd7 16. Bd2 Ng6 17. Bc3 f6 18. Ng3 Nf4 19. Ne4 Ke7 20. b4 b5 21. Ba2
bxa4 22. Bd2 Rhb8 23. Rab1 Bf5 24. f3 h5 25. Kh2 Kf7 26. Red1 g4 27. c4 Kg6 28.
c5 Bf8 29. h4 Bxe4 30. fxe4 a5 31. bxa5 Bxc5 32. Bc4 a3 33. g3 Nh3 34. Be1 Ng1
35. Kg2 Nf3 36. Bc3 Bd4 37. Bb4 Bb2 38. Bd2 Nxd2 39. Rxd2 Rxa5 40. Ba2 Ra4 41.
d6 cxd6 42. Rxd6 Rd4 43. Rxd4 exd4 44. Rd1 Rc8 45. Rd2 Bc1 46. Rd1 Rc2+ 47. Kf1
Rxa2 48. Rxc1 Rb2 0-1

[Event "SR 2. liga A 2009/2010"]
[Site "?"]
[Date "2010.02.28"]
[Round "11.2"]
[White "Meszaros, Michal"]
[Black "Bojda, Lubomir"]
[Result "1-0"]
[WhiteElo "2416"]
[BlackElo "2151"]
[PlyCount "81"]
[EventDate "2009.??.??"]
[WhiteTeam "Slovakia"]
[BlackTeam "II"]
[WhiteTeamCountry "SVK"]
[BlackTeamCountry "SVK"]

1. e4 e5 2. Nf3 Nc6 3. Bb5 g6 4. c3 Bg7 5. O-O a6 6. Ba4 b5 7. Bb3 Nge7 8. a4
b4 9. a5 O-O 10. d3 d6 11. Be3 h6 12. d4 bxc3 13. bxc3 Bg4 14. h3 Bxf3 15. gxf3
Kh7 16. d5 Nb8 17. c4 Nd7 18. c5 f5 19. c6 Nf6 20. Nc3 Nh5 21. Ne2 Qc8 22. Kh2
fxe4 23. fxe4 Nf4 24. Nxf4 Rxf4 25. Bxf4 exf4 26. Qg4 Qf8 27. Rab1 f3 28. Bd1
Be5+ 29. Kh1 Qf6 30. Qxf3 Qg7 31. Rb7 Ng8 32. Qg4 Rf8 33. f4 Nf6 34. Qg2 Bd4
35. Bg4 Qe7 36. Be6 Nh5 37. f5 g5 38. Qg4 Nf6 39. Qe2 Be5 40. Rfb1 g4 41. Rxc7
1-0

[Event "SR 2. liga A 2009/2010"]
[Site "?"]
[Date "2010.02.28"]
[Round "11.2"]
[White "Petrik, Stanislav"]
[Black "Arendas, Marek"]
[Result "0-1"]
[WhiteElo "2183"]
[BlackElo "2077"]
[PlyCount "94"]
[EventDate "2009.??.??"]
[WhiteTeam "Slovakia"]
[BlackTeam "II"]
[WhiteTeamCountry "SVK"]
[BlackTeamCountry "SVK"]

1. e4 c6 2. c4 d5 3. exd5 cxd5 4. cxd5 Qxd5 5. Nc3 Qa5 6. Bc4 Nf6 7. Nf3 e6 8.
O-O Be7 9. d4 O-O 10. Ne5 Nbd7 11. Re1 Rd8 12. Nxf7 Kxf7 13. Rxe6 Kf8 14. Qe2
Re8 15. Bf4 Qd8 16. Re1 Nb6 17. Rxf6+ Bxf6 18. Bd6+ Re7 19. Ne4 Qxd6 20. Nxd6
Rxe2 21. Rxe2 Bg4 22. Re4 Nxc4 23. Nxc4 Re8 24. Rxe8+ Kxe8 25. Nd6+ Kd7 26.
Nxb7 Bxd4 27. b3 Bb6 28. b4 Kc7 29. Nc5 Bxc5 30. bxc5 Kc6 31. f3 Be6 32. a3
Kxc5 33. Kf2 Kd4 34. h4 a5 35. g4 a4 36. Kg3 Kc3 37. f4 Kb3 38. f5 Bg8 39. Kf4
Kxa3 40. f6 gxf6 41. Kf5 Kb4 42. Kxf6 Bc4 43. g5 a3 44. Kg7 Bd3 45. h5 a2 46.
g6 Bxg6 47. hxg6 hxg6 0-1

[Event "SR 2. liga A 2009/2010"]
[Site "?"]
[Date "2010.02.28"]
[Round "11.2"]
[White "Tepper, Frantisek"]
[Black "Dugovic, Branislav"]
[Result "1/2-1/2"]
[WhiteElo "2169"]
[BlackElo "2149"]
[PlyCount "45"]
[EventDate "2009.??.??"]
[WhiteTeam "Slovakia"]
[BlackTeam "II"]
[WhiteTeamCountry "SVK"]
[BlackTeamCountry "SVK"]

1. e4 d5 2. exd5 Nf6 3. d4 Bg4 4. f3 Bf5 5. Bb5+ c6 6. dxc6 Qa5+ 7. Nc3 Nxc6 8.
Bd2 O-O-O 9. Bxc6 bxc6 10. Nge2 e5 11. Ne4 Qb6 12. N4g3 Bg6 13. c3 h5 14. Qb3
Qc7 15. dxe5 Qxe5 16. Bf4 Qb5 17. Qxb5 cxb5 18. Nd4 Bc5 19. O-O Rhe8 20. Rfe1
Rxe1+ 21. Rxe1 Bxd4+ 22. cxd4 Rxd4 23. Be5 1/2-1/2

[Event "SR 2. liga A 2009/2010"]
[Site "?"]
[Date "2010.02.28"]
[Round "11.3"]
[White "Malar, Pavol"]
[Black "Pagerka, Martin"]
[Result "1/2-1/2"]
[WhiteElo "2133"]
[BlackElo "2097"]
[PlyCount "109"]
[EventDate "2009.??.??"]
[WhiteTeam "Slovakia"]
[BlackTeam "II"]
[WhiteTeamCountry "SVK"]
[BlackTeamCountry "SVK"]

1. e4 c5 2. Nf3 d6 3. Bb5+ Bd7 4. Bxd7+ Qxd7 5. O-O Nc6 6. Re1 e5 7. d3 Nge7 8.
Nbd2 g6 9. Nf1 Bg7 10. Ng3 O-O-O 11. c3 h6 12. Qa4 Kb8 13. Rd1 Rhe8 14. a3 f5
15. exf5 Nxf5 16. Qc2 Rc8 17. Be3 Ncd4 18. Bxd4 cxd4 19. Qd2 dxc3 20. bxc3 e4
21. Nxe4 d5 22. Qf4+ Qc7 23. Qxc7+ Rxc7 24. Ng3 Nxg3 25. hxg3 Rxc3 26. Ra2 Rec8
27. Kf1 g5 28. d4 Re8 29. Re1 Rxe1+ 30. Kxe1 Rc4 31. Rd2 Ra4 32. Ne5 Rxa3 33.
Rc2 b6 34. Rc6 Ra4 35. Re6 Bxe5 36. dxe5 b5 37. Kd2 Rd4+ 38. Ke3 Re4+ 39. Kd3
b4 40. f3 Re1 41. Kd2 b3 42. Kc3 Re3+ 43. Kb2 Kb7 44. f4 a5 45. Rd6 a4 46. Rxd5
Re2+ 47. Kc1 Rc2+ 48. Kb1 Kc6 49. Ra5 Ra2 50. e6 a3 51. f5 Rf2 52. Rxa3 Rxf5
53. Rxb3 Re5 54. Kc1 Rxe6 55. Kd2 1/2-1/2

[Event "SR 2. liga A 2009/2010"]
[Site "?"]
[Date "2010.02.28"]
[Round "11.3"]
[White "Mihalik, Marek"]
[Black "Janos, Martin"]
[Result "0-1"]
[WhiteElo "2090"]
[BlackElo "2192"]
[PlyCount "76"]
[EventDate "2009.??.??"]
[WhiteTeam "Slovakia"]
[BlackTeam "II"]
[WhiteTeamCountry "SVK"]
[BlackTeamCountry "SVK"]

1. d4 Nf6 2. c4 d6 3. Nc3 Nbd7 4. e4 e5 5. Nf3 exd4 6. Nxd4 g6 7. Be2 Bg7 8.
O-O O-O 9. Bg5 h6 10. Be3 Ne5 11. f3 a6 12. Rc1 Bd7 13. Qd2 Kh7 14. Rfd1 Re8
15. a3 Rc8 16. Nc2 Qe7 17. Bf2 Qf8 18. b4 Rcd8 19. Ne3 Bc8 20. Bh4 g5 21. Bf2
Ng6 22. Ncd5 c6 23. Nxf6+ Bxf6 24. Bd3 Kg8 25. g3 Qg7 26. Rc2 Ne7 27. Bf1 Be6
28. Bg2 d5 29. exd5 cxd5 30. Qe2 dxc4 31. Rxd8 Rxd8 32. Nxc4 Nf5 33. Rc1 Rc8
34. Rc2 Nd4 35. Bxd4 Bxd4+ 36. Kf1 Ba7 37. Ne3 Rxc2 38. Nxc2 Qc3 0-1